05111nam a2200421 a 4500001001000000003000900010005001700019008004100036020002200077020002200099020002200121020002200143020002200165020002200187020002200209040002500231082001500256100003300271245014800304260004000452300003400492490001100526500002500537500004600562500012300608505049100731505045901222505056901681505056802250505060802818505054503426505058503971700005004556700003404606830001804640942001404658999001704672000012782DO-SdBNP20240306073902.0091117s2001 dr ac 000 0 spa d a8482614142 (v. 1) a8482614150 (v. 2) a848261438X (v. 3) a8482614185 (v. 5) a8482614193 (v. 6) a8482614207 (v. 7) a8482614215 (v. 8) aDO-SdBNPbspacBNPHU axxxxbR3821 aRodríguez, Federico92957510aReligión :beducación básica /cFederico Rodríguez ; dirección editorial Obdulia García de Escobar ; ilustración Ruddy Núñez. aSanto Domingo :bSantillana,c2001. a8 v. :bil., retrs. ;c28 cm.1 aUmbral aEducación básica aFormación integral, humana y religiosa. aEste libro ha sido realizado de conformidad con el currículum vigente y ha sido sometido a la aprobación de la SEE0 av. 1 :gunidad 1 --t¿Sabe Dios mi nombre? --gunidad 2 --t¿Qué ha hecho Dios por nosotros? --gunidad 3 --t¿Para qué ha creado Dios las cosas? --gunidad 4 --t¿Cómo nos halba Dios? --gunidad 5 --t¿Quién es Jesús? --gunidad 6 --t¿Qué nos enseña Jesús? --gunidad 7 --t¿Quiénes son nuestros hermanos? --gunidad 8 --t¿Dónde viven los hijos de Dios? --gunidad 9 --t¿Cómo hablamos con Dios? --gunidad 10 --t¿Cuánto quiere Dios a sus hijos? --0 av. 2 :gunidad 1 --t¿Cómo hablan los hermanos? --gunidad 2 --t¿Qué hacemos cuando nos enfadamos? --gunidad 3 --t¿Cómo nos ayudamos? --gunidad 4 --t¿Cómo celebramos las fiestas? --gunidad 5 --t¿Qué hacemos el domingo? --gunidad 6 --t¿Quién es Jesús? --gunidad 7 --t¿Qué hizo Jesús? --gunidad 8 --t¿Cómo habla Jesús? --gunidad 9 --t¿Dónde está Jesús? --gunidad 10 --t¿Qué celebramos en navidad? --0 av. 3 :gunidad 1 --t¿Quiénes son los amigos de Jesús? --gunidad 2 --t¿Cómo viven los amigos de Jesús? --gunidad 3 --t¿Dónde se reúnen los amigos de Jesús? --gunidad 4 --t¿Qué hizo Jesús por sus amigos? --gunidad 5 --t¿Qué celebramos es pascua? --gunidad 6 --t¿Dónde están las enseñanzsa de Jesús? --gunidad 7 --t¿Qué nos enseña Jesús sobre Dios? --gunidad 8 --t¿Qué nos enseña Jesús sobre nosotros? --gunidad 9 --t¿Qué quiere Jesús de nosotros? --gunidad 10 --t¿Qué nos promete Jesús? --0 av. 5 :gunidad 1 --t¿Y nosotros, qué podemos hacer? --gunidad 2 --t¿En qué se distinguen los cristianos? --gunidad 3 --t¿Cómo defiende Jesús la vida? --gunidad 4 --t¿Cómo defiende Jesús la vida? --gunidad 5 --t¿Cómo viven los amigos de Jesús? --gunidad 6 --t¿Quiénes fueron los primeros amigos de Jesús? --gunidad 7 --t¿Cómo se formaron las primeras comunidades cristianas? --gunidad 8 --t¿Quiénes forman hoy la iglesia? --gunidad 9 --t¿Qué creemos los cristianos? --gunidad 10 --t¿Somos todos misioneros? --0 av. 6 :gunidad 1 --t¿Cómo celebran la fe los cristianos? --gunidad 2 --t¿Cómo se entra y cómo se crece en la iglesia? --gunidad 3 --t¿Qué celebramos en la eucaristía? --gunidad 4 --t¿Qué hace Dios cuando somos débiles? --gunidad 5 --t¿Cómo sirven los cristianos a la comunidad? --gunidad 6 --t¿Cómo se reconoce a los cristianos? --gunidad 7 --t¿Cómo podemos ser testigos de la verdad? --gunidad 8 --t¿Cómo defienden la vida los cristianos? --gunidad 9 --t¿Cómo cuidan los cristianos la naturaleza? --gunidad 10 --t¿Cómo podemos mejorar el mundo? --0 av. 7 :gunidad 1 --t¿Qué es la Biblia? --gunidad 2 --t¿Quién fue Abraham? --gunidad 3 --t¿Qué narra el libro del Éxodo? --gunidad 4 --t¿Como vivieron los israelitas en la tierra prometida? --gunidad 5 --t¿Cuál era el mensaje de los profetas? --gunidad 6 --t¿Quién es el salvador de la humanidad? --gunidad 7 --t¿Qué hizo Jesús para salvarnos? --gunidad 8 --t¿Cuáles eran las enseñanzas de Jesús? --gunidad 9 --t¿Por qué murió Jesús? --gunidad 10 --t¿Qué celebramos en la pascua? --0 av. 8 :gunidad 1 --t¿Cómo nació la iglesia? --gunidad 2 --t¿Cómo está organizada la iglesia? --gunidad 3 --t¿Cómo fue la vida de la iglesia en los primeros siglos? --gunidad 4 --t¿Cómo se realizará plenamente nuestra salvación? --gunidad 5 --t¿Qué son las bienaventuranzas? --gunidad 6 --t¿Cómo construir un mundo más justo? --gunidad 7 --t¿Cómo conseguir la igualdad entre los seres humanos? --gunidad 8 --t¿Cómo trabajar por la paz? --gunidad 9 --t¿Cómo defender la naturaleza? --gunidad 10 --t¿Cómo hacer oración? --1 aGarcía Escobar, Obdulia deedir. ed.9292201 aNúñez, Ruddy,eil.923171 0aUmbral929222 2ddccLBS1 c12433d12433